| 000 | 00771nam a2200229 u 4500 | ||
|---|---|---|---|
| 005 | 20210223131515.0 | ||
| 008 | 110411s2004 es r 000 0 spa d | ||
| 020 | _a8476696639 (Aleph) | ||
| 020 | _a8484522962 (Intermón Oxfam) | ||
| 035 | _aUPN01000180271 | ||
| 049 | _aCG | ||
| 050 | 4 |
_aHQ799 M3.7 _bM3.4 |
|
| 100 | 1 |
_aMernissi, Fatema, _d1940- _931599 |
|
| 245 | 1 | 3 |
_aUn libro para la paz / _cFatema Mernissi ; tr. Inés Belaustegui. |
| 260 |
_aBarcelona, Esp. : _bIntermón Oxfam : _bEl Aleph, _c2004. |
||
| 300 | _a91 p. | ||
| 440 | 0 |
_aReferencias ; _v4 |
|
| 534 |
_pTítulo original: _tSimbad sails the net |
||
| 650 | 4 |
_aJUVENTUD - _xACTIVIDAD POLITICA - _zMARRUECOS _919568 |
|
| 650 | 4 |
_aJUVENTUD - _zMARRUECOS - _xCONDICIONES SOCIALES _919569 |
|
| 905 | _aLibro | ||
| 999 |
_c152374 _d152374 |
||